| 000 | 00327nam a22001217a 4500 | ||
|---|---|---|---|
| 020 | _a9781639895281 | ||
| 082 |
_a338.4791 _bPER |
||
| 100 | _aPerez, Wendy | ||
| 245 |
_aTourism Destination Management / _cWendy Perez |
||
| 260 |
_aU.S.A : _bStates Academic Press, _c2022. |
||
| 300 |
_a236 p. ; _c28 cm. |
||
| 942 |
_2ddc _cBK |
||
| 999 |
_c590439 _d590439 |
||